000 01071nam a22002417a 4500
005 20240305165503.0
007 cr|||| ||||
008 180330s2017 cu |||||s|||| 00||0 spa d
020 _a978-959-7219-47-7
035 _a21249
040 _avLex
090 _c7580
_d7580
100 1 _aMatilla Correa, Andry
245 1 0 _aTendencias actuales del derecho administrativo
_h[Recurso electrónico] /
_cAndry Matilla Correa
256 _aServicio en línea
260 _aLa Habana:
_bUnión Nacional de Juristas de Cuba,
_c2017
300 _a1 recurso electrónico
506 1 _aDisponible solo en los productos indicados
_dvLex Global
_dvLex Global (Academic Edition, excluding Law Schools)
_dvLex Global (U.S. Academic Edition, Law Schools)
_dvLex Global (U.S. Academic Edition, excluding Law Schools)
_dvLex Global (Academic Edition, Law Schools)
650 0 4 _aDerecho Público y Administrativo
_zCuba
740 0 _avLex Libros (Servicio en línea)
856 4 0 _uhttps://app.vlex.com/#/sources/tendencias-actuales-del-derecho-administrativo-21249
942 _cRAA
999 _c165817
_d165817